000 00299nam a22001457a 4500
008 210301b ||||| |||| 00| 0 eng d
020 _a9780547394886
041 _aeng
080 _a82
082 _a82
100 _a21
101 _aGJL
245 _aWrite Source
_cKemper, D
942 _2udc
_cBK
999 _c55349
_d55349